000 00717nam a2200205Ii 4500
003 JO-AjNU
008 230605s9999||||xx |||||||||||||| ||und||
017 _a1984/648
040 _aJO-AjNU
_bara
_erda
_cJO-AjNU
041 _aara
050 1 4 _aBP190.5 1984
100 3 _aالسامرائي، عبد الله سلوم,
_eauthor
_942437
245 0 0 _aالشعوبية حركة مضادة للإسلام و الأمة العربية
264 3 1 _aد.م: د.ن، 1984
300 _a211ص
_bالمصادر ص 197-209
336 _atext
_btxt
_2rdacontent
337 _aunmediated
_bn
_2rdamedia
338 _avolume
_bnc
_2rdacarrier
650 4 _aالالحاد والملحدون- تاريخ- الشعوبية
_942438
999 _aA18171
_c21739
_d21739